Entrepreneurship development (Record no. 5744)
[ view plain ]
| 000 -LEADER | |
|---|---|
| fixed length control field | 00555cam a2200205ua 4500 |
| 001 - CONTROL NUMBER | |
| control field | 6600 |
| 005 - DATE AND TIME OF LATEST TRANSACTION | |
| control field | 20260515114056.0 |
| 008 - FIXED-LENGTH DATA ELEMENTS--GENERAL INFORMATION | |
| fixed length control field | 140311n ii |||gr||||Z||||||eng |
| 020 ## - INTERNATIONAL STANDARD BOOK NUMBER | |
| International Standard Book Number | 978-81-272-5517-6 |
| 040 ## - CATALOGING SOURCE | |
| Transcribing agency | MAIN |
| 082 ## - DEWEY DECIMAL CLASSIFICATION NUMBER | |
| Classification number | 338.04 |
| 245 ## - TITLE STATEMENT | |
| Title | Entrepreneurship development |
| Statement of responsibility, etc. | By Ajanta Borgohain Rajkonwar |
| 250 ## - EDITION STATEMENT | |
| Edition statement | 2nd rev. ed. |
| 260 ## - PUBLICATION, DISTRIBUTION, ETC. | |
| Place of publication, distribution, etc. | Ludhiana: |
| Name of publisher, distributor, etc. | Kalyani publishers, |
| Date of publication, distribution, etc. | 2004. |
| 300 ## - PHYSICAL DESCRIPTION | |
| Extent | x,263p. |
| 653 ## - INDEX TERM--UNCONTROLLED | |
| Uncontrolled term | Production |
| 653 ## - INDEX TERM--UNCONTROLLED | |
| Uncontrolled term | Entrepreneurship development |
| 700 ## - ADDED ENTRY--PERSONAL NAME | |
| Personal name | Rajkonwar,Ajanta Borgohain, |
| Relator term | Author. |
| 942 ## - ADDED ENTRY ELEMENTS (KOHA) | |
| Koha item type | Books |
| Withdrawn status | Lost status | Damaged status | Not for loan | Home library | Current library | Shelving location | Date acquired | Total checkouts | Full call number | Barcode | Date last seen | Date last checked out | Copy number | Price effective from | Koha item type |
|---|---|---|---|---|---|---|---|---|---|---|---|---|---|---|---|
| Naharkatiya College Library | Naharkatiya College Library | General stacks | 09/19/2020 | 11 | 338.04 | RAJ | 19384 | 03/05/2026 | 09/10/2025 | 1 | 09/19/2020 | Books |